A move in the right direction? (Record no. 63609)

MARC details
000 -LEADER
fixed length control field 01155cam a2200253 4500
001 - CONTROL NUMBER
control field ABS62269
008 - FIXED-LENGTH DATA ELEMENTS--GENERAL INFORMATION
fixed length control field 000000n2000 000 0 eng u
035 ## - SYSTEM CONTROL NUMBER
System control number (Sirsi) u106178
100 ## - MAIN ENTRY--PERSONAL NAME
Personal name Williams, A.
245 #2 - TITLE STATEMENT
Title A move in the right direction?
260 ## - PUBLICATION, DISTRIBUTION, ETC.
Date of publication, distribution, etc. 2000
490 ## - SERIES STATEMENT
Series statement Architects' Journal
Volume/sequential designation 211(18) 11 May 2000, 34-35(2)
520 ## - SUMMARY, ETC.
Summary, etc. Describes the Movement for Innovation (M4I) which was established to bring about a radical improvement in the way in which the construction industry and its clients work together. M4I involves an assessment of a construction project, or part of the scheme process, to see whether established ways of working can be improved. Sets out the checklist of performance indicators, known as 5/4/7 and defines each element. Includes a glossary of terms used by M4I with definitions.
590 ## - LOCAL NOTE (RLIN)
Local note ABS
650 ## - SUBJECT ADDED ENTRY--TOPICAL TERM
Topical term or geographic name entry element MOVEMENT FOR INNOVATION
650 ## - SUBJECT ADDED ENTRY--TOPICAL TERM
Topical term or geographic name entry element CLIENTS
650 ## - SUBJECT ADDED ENTRY--TOPICAL TERM
Topical term or geographic name entry element LATHAM REFORMS
650 ## - SUBJECT ADDED ENTRY--TOPICAL TERM
Topical term or geographic name entry element CONSTRUCTION TASK FORCE
650 ## - SUBJECT ADDED ENTRY--TOPICAL TERM
Topical term or geographic name entry element KEY PERFORMANCE INDICATORS
650 ## - SUBJECT ADDED ENTRY--TOPICAL TERM
Topical term or geographic name entry element CONSTRUCTION BEST PRACTICE PROGRAMME
650 ## - SUBJECT ADDED ENTRY--TOPICAL TERM
Topical term or geographic name entry element LEAN CONSTRUCTION
690 ## - LOCAL SUBJECT ADDED ENTRY--TOPICAL TERM (OCLC, RLIN)
Topical term or geographic name as entry element BUILT ENVIRONMENT
942 ## - ADDED ENTRY ELEMENTS (KOHA)
Suppress in OPAC 0
Holdings
Withdrawn status Lost status Source of classification or shelving scheme Damaged status Not for loan Home library Current library Shelving location Date acquired Total Checkouts Full call number Barcode Date last seen Copy number Price effective from Koha item type
    Dewey Decimal Classification     London London Journal article 31/05/2000   ABS62269 106178-1001 06/08/2019 1 06/08/2019 Journal article